000 00428 a2200145 4500
082 _a891.43901
090 _c1107
_d1107
100 _aShahjahanpuri, Abu Suleman.
245 _aTakmeela Kitabyaat Urdu Matboaat 1984
_cAbu Suleman Shahjahanpuri
260 _aIslamabad:
_bMuqtadara Qomi Zuban,
_c1987.
300 _a99 p. ;
_c22 cm.
500 _aIncludes Index
650 _aUrdu literature--Bibliography
942 _cBK
_k891.43901SHA
999 _c5069
_d5069